=LDR 00000nam 2200000 4500 =001 INLIS000000000032654 =005 20200414092650 =035 ##$$a 0010-061300000032654 =008 200414################g##########0#ind## =041 ##$$a ind =082 ##$$a 2x2.3 =090 ##$$a 2x2.3, Aka h =100 ##$$a Akaha, Abduh Zulfidar =245 1#$$a Hadits-Hadits Ramadhan /$c Abduh Zulfidar Akaha; Penyunting, Yasir Maqasid, Lc. =260 ##$$a Jakarta :$b Pustaka Al Qautsar,$c 2008 =300 ##$$a 369 hlm, ; $c 20 x 13 cm. =650 #4$$a Kumpulan Hadis =700 #$$a Maqasid, Yasir =850 ##$$a NBPNMAT =084 ##$$a 2x2.3 AKA h =990 ##$$a 2101190 =990 ##$$a 2101189